| 000 | 00729nam a2200217 i 4500 | ||
|---|---|---|---|
| 001 | 66818 | ||
| 003 | ES-MaACL | ||
| 005 | 20250302202840.0 | ||
| 007 | t| | ||
| 008 | 040405s1999 fr ||||1| fre d | ||
| 020 | _a2-7068-1383-0 | ||
| 080 | _a759.7 | ||
| 100 | 1 |
_aMayor Zaragoza, Federico, _d1934-2024 _979415 |
|
| 245 | 1 | 0 |
_aVent d'autan / _cFederico Mayor, poèmes ; Alain Husson-Dumoutier, peintures ; traduit de l'espagnol par Marie-Christine Bercot. |
| 260 |
_aParis : _bMaisonneuve & Larose, _c[1999] |
||
| 300 |
_a143 p. : _bil. ; _c27 cm. |
||
| 700 | 1 |
_aHusson-Dumoutier, Alain. _964825 |
|
| 700 | 1 |
_aBercot, Marie-Christine. _927855 |
|
| 852 |
_aES-MaACL _jL-27272 _bR.132936 |
||
| 999 |
_c66818 _d66818 |
||